[Event "FIDE Womens Grand Swiss 2021"]
[Site "Riga"]
[Date "2021.10.30"]
[Round "4.24"]
[White "Eizaguerri Floris, Maria"]
[Black "Houska, Jovanka"]
[Result "0-1"]
[WhiteElo "2328"]
[BlackElo "2381"]
[Annotator "NA"]
[PlyCount "100"]
[EventDate "2021.10.27"]
[EventType "swiss"]
[EventCountry "LAT"]
[Tiebreak "Cut1 Buchholz+Sonneborn-Berger (Swiss)"]
[SourceTitle "playchess.com"]
[Source "ChessBase"]
[SourceQuality "1"]
[TimeControl "40/6000+30:20/3000+30:900+30"]

1. e4 {[%emt 0:10:01]} c6 {[%emt 0:10:09]} 2. d4 {[%emt 0:00:07]} d5 {[%emt 0:
00:05]} 3. e5 {[%emt 0:00:07]} Bf5 {[%emt 0:00:16]} 4. Nf3 {[%emt 0:00:15]} e6
{[%emt 0:00:48]} 5. Be2 {[%emt 0:00:07]} c5 {[%emt 0:00:27]} 6. O-O {[%emt 0:
00:16]} Nc6 {[%emt 0:01:43]} 7. c3 {[%emt 0:00:07]} Bg4 {[%emt 0:00:28]} 8.
Nbd2 {[%emt 0:02:34]} Nh6 {[%emt 0:01:57]} 9. a3 {[%emt 0:03:18]} Nf5 {[%emt 0:
04:32]} 10. dxc5 {[%emt 0:11:21]} Bxc5 {[%emt 0:04:27]} 11. b4 {[%emt 0:00:29]}
Be7 {[%emt 0:14:33]} 12. Bb2 {[%emt 0:07:02]} O-O {[%emt 0:06:14]} 13. c4 {
[%emt 0:04:03]} dxc4 {[%emt 0:05:38]} 14. Nxc4 {[%emt 0:00:21]} Rc8 {[%emt 0:
00:09]} 15. Rc1 {[%emt 0:11:44]} Rc7 {[%emt 0:17:05]} 16. Qxd8 {[%emt 0:09:10]}
Rxd8 {[%emt 0:00:23]} 17. Na5 {[%emt 0:00:33]} Rdc8 {[%emt 0:11:39]} 18. Nb3 {
[%emt 0:08:14]} Nh4 {[%emt 0:00:38]} 19. b5 {[%emt 0:13:40]} Nb8 {[%emt 0:03:
32]} 20. Nfd4 {[%emt 0:00:46]} Bxe2 {[%emt 0:00:20]} 21. Nxe2 {[%emt 0:00:03]}
Nd7 {[%emt 0:00:06]} 22. Rxc7 {[%emt 0:04:32]} Rxc7 {[%emt 0:00:05]} 23. Rc1 {
[%emt 0:00:15]} Rxc1+ {[%emt 0:00:15]} 24. Nexc1 {[%emt 0:00:05]} Ng6 {[%emt 0:
00:03]} 25. Nd3 {[%emt 0:00:19]} Nb6 {[%emt 0:01:09]} 26. Na5 {[%emt 0:01:58]}
Na4 {[%emt 0:00:04]} 27. Bd4 {[%emt 0:01:42]} b6 {[%emt 0:03:07]} 28. Nc6 {
[%emt 0:02:51]} Bxa3 {[%emt 0:00:25]} 29. Nxa7 {[%emt 0:00:08]} Ne7 {[%emt 0:
01:19]} 30. f4 {[%emt 0:06:17]} Kf8 {[%emt 0:01:13]} 31. Ne1 {[%emt 0:09:05]}
Ke8 {[%emt 0:06:36]} 32. Nc2 {[%emt 0:03:02]} Bc5 {[%emt 0:04:12]} 33. Bxc5 {
[%emt 0:00:16]} bxc5 {[%emt 0:00:03]} 34. b6 {[%emt 0:01:00]} Nxb6 {[%emt 0:00:
05]} 35. Nb5 {[%emt 0:00:02]} Ned5 {[%emt 0:02:46]} 36. g3 {[%emt 0:01:00]} Kd7
{[%emt 0:00:20]} 37. Kf2 {[%emt 0:00:41]} Nc4 {[%emt 0:01:05]} 38. Ke2 {
[%emt 0:00:35]} Kc6 {[%emt 0:01:06]} 39. Nba3 {[%emt 0:00:14]} Nxa3 {[%emt 0:
00:26]} 40. Nxa3 {[%emt 0:00:02]} Nb6 {[%emt 0:00:10]} 41. Kd3 {[%emt 0:51:04]}
Kd5 {[%emt 0:58:44]} 42. Nb5 {[%emt 0:00:55]} c4+ {[%emt 0:00:14]} 43. Ke3 {
[%emt 0:00:00]} Kc5 {[%emt 0:00:00]} 44. Nd6 {[%emt 0:00:00]} Nd5+ {[%emt 0:00:
00]} 45. Kd2 {[%emt 0:00:00]} f6 {[%emt 0:00:00]} 46. Kc2 {[%emt 0:00:00]} fxe5
{[%emt 0:00:00]} 47. fxe5 {[%emt 0:00:00]} Kd4 {[%emt 0:00:00]} 48. Ne8 {
[%emt 0:00:00]} Nb4+ {[%emt 0:00:00]} 49. Kc1 {[%emt 0:00:00]} c3 {[%emt 0:00:
00]} 50. Nxg7 {[%emt 0:00:00]} Kd3 {[%emt 0:00:00]} 0-1

[Event "FIDE Womens Grand Swiss 2021"]
[Site "Riga"]
[Date "2021.10.30"]
[Round "4.25"]
[White "Cori T., Deysi"]
[Black "February, Jesse Nikki"]
[Result "1-0"]
[WhiteElo "2382"]
[BlackElo "1857"]
[Annotator "NA"]
[PlyCount "107"]
[EventDate "2021.10.27"]
[EventType "swiss"]
[EventCountry "LAT"]
[Tiebreak "Cut1 Buchholz+Sonneborn-Berger (Swiss)"]
[SourceTitle "playchess.com"]
[Source "ChessBase"]
[SourceQuality "1"]
[TimeControl "40/6000+30:20/3000+30:900+30"]

1. d4 {[%emt 0:10:03]} d5 {[%emt 0:10:15]} 2. c4 {[%emt 0:00:07]} c6 {[%emt 0:
00:33]} 3. Nc3 {[%emt 0:00:06]} Nf6 {[%emt 0:00:46]} 4. Nf3 {[%emt 0:00:03]}
Bf5 {[%emt 0:01:57]} 5. Qb3 {[%emt 0:03:52]} Qb6 {[%emt 0:01:04]} 6. c5 {
[%emt 0:00:31]} Qxb3 {[%emt 0:00:53]} 7. axb3 {[%emt 0:00:02]} Na6 {[%emt 0:04:
31]} 8. h3 {[%emt 0:03:52]} Nb4 {[%emt 0:04:42]} 9. Ra4 {[%emt 0:00:24]} a5 {
[%emt 0:04:33]} 10. Bf4 {[%emt 0:00:42]} Ne4 {[%emt 0:01:38]} 11. e3 {[%emt 0:
03:34]} Nxc3 {[%emt 0:06:00]} 12. bxc3 {[%emt 0:00:20]} Nd3+ {[%emt 0:00:18]}
13. Bxd3 {[%emt 0:02:07]} Bxd3 {[%emt 0:00:11]} 14. Kd2 {[%emt 0:05:23]} Bb5 {
[%emt 0:01:23]} 15. Ra3 {[%emt 0:00:49]} a4 {[%emt 0:08:43]} 16. bxa4 {[%emt 0:
02:01]} Ba6 {[%emt 0:01:27]} 17. Rb1 {[%emt 0:01:37]} f6 {[%emt 0:02:30]} 18.
Rab3 {[%emt 0:10:25]} g5 {[%emt 0:03:09]} 19. Bg3 {[%emt 0:00:25]} Kf7 {
[%emt 0:01:10]} 20. Kc2 {[%emt 0:03:39]} Bg7 {[%emt 0:03:52]} 21. Nd2 {[%emt 0:
04:00]} Rhe8 {[%emt 0:02:44]} 22. Rb6 {[%emt 0:03:44]} e5 {[%emt 0:03:10]} 23.
R1b4 {[%emt 0:00:31]} f5 {[%emt 0:02:01]} 24. Bxe5 {[%emt 0:01:57]} Bxe5 {
[%emt 0:02:05]} 25. dxe5 {[%emt 0:00:02]} Ke6 {[%emt 0:01:46]} 26. Nf3 {
[%emt 0:08:47]} Rg8 {[%emt 0:00:19]} 27. g3 {[%emt 0:01:18]} g4 {[%emt 0:01:42]
} 28. Nd4+ {[%emt 0:00:05]} Kxe5 {[%emt 0:01:03]} 29. h4 {[%emt 0:00:04]} Rg7 {
[%emt 0:01:33]} 30. Kd2 {[%emt 0:14:37]} h5 {[%emt 0:01:58]} 31. Nc2 {[%emt 0:
10:11]} Rf7 {[%emt 0:03:40]} 32. Nd4 {[%emt 0:04:24]} Rg7 {[%emt 0:00:42]} 33.
Rb1 {[%emt 0:06:19]} Rf7 {[%emt 0:02:10]} 34. a5 {[%emt 0:00:48]} Rg7 {[%emt 0:
00:33]} 35. R6b4 {[%emt 0:03:16]} Rd7 {[%emt 0:01:32]} 36. Kc2 {[%emt 0:02:16]}
Rf7 {[%emt 0:01:26]} 37. Ra1 {[%emt 0:01:29]} Rg7 {[%emt 0:01:35]} 38. Nb3 {
[%emt 0:00:42]} Rf7 {[%emt 0:01:29]} 39. Rf4 {[%emt 0:01:32]} Bc4 {[%emt 0:01:
51]} 40. Nd2 {[%emt 0:00:02]} Ba6 {[%emt 0:00:18]} 41. Kb3 {[%emt 0:52:23]} Re7
{[%emt 0:52:49]} 42. Kb4 {[%emt 0:00:38]} Kf6 {[%emt 0:02:58]} 43. Rd4 {
[%emt 0:01:11]} Re6 {[%emt 0:02:08]} 44. Rb1 {[%emt 0:00:00]} Re7 {[%emt 0:00:
00]} 45. Rd1 {[%emt 0:00:00]} Be2 {[%emt 0:00:00]} 46. Rc1 {[%emt 0:00:00]} Re6
{[%emt 0:00:00]} 47. c4 {[%emt 0:00:00]} dxc4 {[%emt 0:00:00]} 48. Nxc4 {
[%emt 0:00:00]} Bxc4 {[%emt 0:00:00]} 49. Rcxc4 {[%emt 0:00:00]} Rae8 {[%emt 0:
00:00]} 50. Rd7 {[%emt 0:00:00]} R8e7 {[%emt 0:00:00]} 51. Rcd4 {[%emt 0:00:00]
} Re4 {[%emt 0:00:00]} 52. Rxe7 {[%emt 0:00:00]} Kxe7 {[%emt 0:00:00]} 53.
Rxe4+ {[%emt 0:00:00]} fxe4 {[%emt 0:00:00]} 54. a6 {[%emt 0:00:00]} 1-0

[Event "FIDE Womens Grand Swiss 2021"]
[Site "Riga"]
[Date "2021.10.31"]
[Round "5.1"]
[White "Dzagnidze, Nana"]
[Black "Lei, Tingjie"]
[Result "1/2-1/2"]
[WhiteElo "2524"]
[BlackElo "2505"]
[Annotator "TA"]
[PlyCount "60"]
[EventDate "2021.10.27"]
[EventType "swiss"]
[EventCountry "LAT"]
[Tiebreak "Cut1 Buchholz+Sonneborn-Berger (Swiss)"]
[SourceTitle "playchess.com"]
[Source "ChessBase"]
[SourceQuality "1"]

{[%evp 18,60,0,0,16,0,-7,-24,-4,-12,-19,-49,-19,-3,0,0,0,0,0,0,0,-22,-26,-27,
-18,-14,-17,-20,0,0,0,-1,0,0,0,0,0,0,0,-12,-6,-7,0,-2,0]} 1. c4 e5 2. Nc3 Nf6
3. Nf3 Nc6 4. e3 Bb4 5. Qc2 Bxc3 6. Qxc3 Qe7 7. a3 d5 8. d4 exd4 9. Nxd4 Nxd4
10. Qxd4 O-O {A28: English Opening: Four Knights Variation.} 11. cxd5 Rd8 12.
Bc4 {[#]} Be6 $1 {[%cal Re6d5] [#] Black has an edge.} 13. O-O $146 {e4 is the
strong threat.} (13. Qe5 Qc5) ({Predecessor:} 13. Qe5 Qc5 14. O-O Bxd5 15. Be2
Qc2 16. Re1 Bc4 17. Bf3 Be2 18. e4 Bxf3 19. gxf3 {0-1 (56) Dzulynski,M (1486)
-Michos,D (1528) LSS email 2010}) 13... Bxd5 14. Qf4 Nh5 15. Qg4 Qe5 16. Be2
Nf6 17. Qg3 Qxg3 18. hxg3 Ne4 19. Bf3 Nc5 {Strongly threatening ...Bc4.} 20. b4
Nb3 21. Rb1 {Black should prevent Bxd5.The position is equal.} Bxf3 22. Rxb3
Be2 23. Re1 Bb5 24. e4 c6 25. Be3 Rd7 26. g4 h6 27. Rc3 a5 28. e5 axb4 29. axb4
Rd3 30. Rcc1 Ra4 {Not much happened in this game.  Weighted Error Value:
White=0.06/Black=0.06} 1/2-1/2

[Event "FIDE Womens Grand Swiss 2021"]
[Site "Riga"]
[Date "2021.10.31"]
[Round "5.2"]
[White "Batsiashvili, Nino"]
[Black "Kosteniuk, Alexandra"]
[Result "1-0"]
[WhiteElo "2484"]
[BlackElo "2518"]
[Annotator "TA"]
[PlyCount "65"]
[EventDate "2021.10.27"]
[EventType "swiss"]
[EventCountry "LAT"]
[Tiebreak "Cut1 Buchholz+Sonneborn-Berger (Swiss)"]
[SourceTitle "playchess.com"]
[Source "ChessBase"]
[SourceQuality "1"]

{[%evp 12,65,5,0,29,4,19,20,27,32,25,18,100,30,30,30,22,25,63,35,48,30,103,119,
248,244,235,237,570,563,598,458,474,477,470,465,554,597,628,619,599,591,588,
568,1046,1035,29990,29991,29991,29990,29990,29991,29992,29988,29989,29990]} 1.
Nf3 d5 2. d4 Nf6 3. c4 e6 4. Nc3 Bb4 5. Qa4+ Nc6 6. a3 Bxc3+ 7. bxc3 h6 {
D38: Queen's Gambit Declined: Ragozin Defence (4 Nf3 Bb4).} 8. e3 Bd7 9. Qc2 {
[#]} Na5 $146 {The position is equal.} ({Predecessor:} 9... O-O 10. Bd3 dxc4
11. Bxc4 Na5 12. Be2 c5 13. a4 cxd4 14. cxd4 Rc8 15. Qb2 Nc4 16. Bxc4 Rxc4 {
0-1 (50) Miton,K (2596)-Bartel,M (2601) Prievidza 2009}) 10. cxd5 exd5 11. a4
Ne4 (11... O-O $11) 12. Bd3 (12. c4 $1 $16) 12... Nd6 $11 13. O-O O-O 14. Ne5
Be8 15. f3 f6 16. Ng4 Qc8 {[#]} (16... Bh5 $11) 17. e4 $1 $16 dxe4 {[#] A
mistake that costs the game.} (17... Qe6 $16 {was necessary.}) 18. Nxh6+ $1 $18
({Worse is} 18. Bxe4 Nxe4 19. Qxe4 Nb3 $11) 18... gxh6 19. fxe4 {e5 is the
strong threat.} Kg7 $2 (19... Bh5 20. Bxh6 Rf7) 20. e5 Nac4 21. Qf2 f5 22. exd6
Nxd6 23. Bf4 ({Resist} 23. Qe3 Rf6 $18) 23... Bg6 24. Qh4 Nf7 25. Rae1 {
Black must now prevent Re7!} Re8 26. Rxe8 Qxe8 27. Re1 Qxa4 {and the idea ...
Re8 leaves Black hopeful.} 28. Re7 {White wants to mate with Qxh6+.} Qa1+ 29.
Bf1 {White mates.} h5 30. Be5+ Kf8 31. Rxc7 Qc1 32. Qe7+ Kg8 33. Qf6 {[%csl
Ge5][%cal Rf6g7] Weighted Error Value: White=0.10/Black=0.67} 1-0

[Event "FIDE Womens Grand Swiss 2021"]
[Site "Riga"]
[Date "2021.10.31"]
[Round "5.3"]
[White "Harika, Dronavalli"]
[Black "Pogonina, Natalija"]
[Result "1/2-1/2"]
[WhiteElo "2511"]
[BlackElo "2467"]
[Annotator "TA"]
[PlyCount "61"]
[EventDate "2021.10.27"]
[EventType "swiss"]
[EventCountry "LAT"]
[Tiebreak "Cut1 Buchholz+Sonneborn-Berger (Swiss)"]
[SourceTitle "playchess.com"]
[Source "ChessBase"]
[SourceQuality "1"]

{[%evp 11,61,17,11,16,31,16,17,10,21,23,29,29,24,29,29,29,24,16,39,39,46,39,46,
43,74,67,180,168,168,188,202,205,201,93,100,93,102,97,99,17,26,26,31,0,0,0,0,0,
0,0,0,0]} 1. e4 e5 2. Nf3 Nc6 3. Bc4 Nf6 4. d3 Bc5 5. c3 d6 6. O-O a6 7. a4 {
7.Re1 is the modern continuation. C54: Giuoco Piano: 4 c3 Nf6, main lines with
5 d4 and 5 d3.} Ba7 8. Re1 O-O 9. h3 Re8 (9... b5 {keeps more tension.} 10. Ba2
Bd7 11. Nbd2 b4 12. Nc4 Re8) 10. Nbd2 Be6 11. Bxe6 Rxe6 12. b4 {[%cal Bb2b4,
Bb4b5][%mdl 32]} Qd7 {[#]} 13. Nf1 $146 ({Predecessor:} 13. Qc2 h6 14. Nf1 d5
15. Be3 Bxe3 16. Nxe3 Ne7 17. c4 c6 18. c5 a5 19. Reb1 {1/2-1/2 (42) Lubas,J 
(2265)-Egoshin,G (2384) ICCF email 2018}) 13... d5 {Black wants to play ...
dxe4.} 14. Qc2 Rd8 15. b5 Na5 16. exd5 Qxd5 17. Be3 {[#] And now c4 would win.}
Bxe3 18. Nxe3 Qb3 ({Wrong is} 18... Qxd3 $2 19. Rad1 $18) (18... Qd6 $14) 19.
Qc1 $18 Ree8 ({Avoid the trap} 19... axb5 $2 20. Nd2 $18) ({Don't blunder} 
19... Rxd3 $2 20. Ra3 $18) 20. Nf5 h6 21. Nxe5 Qe6 {[#]} 22. Nd4 (22. Qf4 $1
$18) 22... Qd5 $16 23. Qf4 Nb3 24. Nxb3 Qxb3 25. Qc4 ({White should play} 25.
c4 $16) 25... Qxc4 $11 26. dxc4 a5 27. f4 Nh5 {The position is equal.} 28. f5
Ng3 29. c5 Rd5 30. Nc4 Rxe1+ 31. Rxe1 {White really could win this.  Weighted
Error Value: White=0.13/Black=0.08} 1/2-1/2

[Event "FIDE Womens Grand Swiss 2021"]
[Site "Riga"]
[Date "2021.10.31"]
[Round "5.4"]
[White "Kashlinskaya, Alina"]
[Black "Zhu, Jiner"]
[Result "0-1"]
[WhiteElo "2493"]
[BlackElo "2455"]
[Annotator "TA"]
[PlyCount "104"]
[EventDate "2021.10.27"]
[EventType "swiss"]
[EventCountry "LAT"]
[Tiebreak "Cut1 Buchholz+Sonneborn-Berger (Swiss)"]
[SourceTitle "playchess.com"]
[Source "ChessBase"]
[SourceQuality "1"]

{[%evp 15,104,12,20,8,24,0,3,10,31,11,28,31,24,22,22,7,19,18,29,22,14,27,25,9,
7,0,7,-37,-23,-86,-70,-117,-123,-123,-120,-112,-115,-101,-100,-190,-183,-177,
-177,-261,-253,-325,-329,-362,-362,-327,-320,-379,-353,-487,-482,-537,-526,
-842,-758,-788,-884,-825,-580,-457,-345,-3585,-2982,-29997,-29963,-29958,
-29960,-7116,-6981,-6207,-5604,-29970,-29972,-29973,-29973,-29972,-29967,
-29978,-29979,-29983,-29984,-29992,-29993,-29993,-29985,-29985,-29984]} 1. d4
Nf6 2. c4 e6 3. Nc3 Bb4 4. Qc2 O-O 5. a3 Bxc3+ 6. Qxc3 d5 7. Nf3 dxc4 8. Qxc4
b6 9. Bg5 {E36: Nimzo-Indian: Classical: 4...d5 5 a3.} Ba6 10. Qa4 c5 11. dxc5
{The position is equal.} bxc5 12. h4 Qb6 13. Bxf6 gxf6 14. Rb1 Rd8 15. Rh3 {[#]
} Nc6 $146 ({Predecessor:} 15... c4 16. Nd2 Nc6 17. Nxc4 Bxc4 18. Qxc4 Nd4 19.
Rg3+ Kh8 20. Qc1 Qa5+ 21. Rc3 Nb5 22. b4 Qa4 23. Rg3 Nd4 24. Rc3 Nb5 25. Rg3
Nd4 26. Rc3 Nb5 27. Rg3 {1/2-1/2 (27) Rajlich,I (2465)-Kosintseva,T (2536)
Ohrid 2009}) 16. e3 Bb7 17. Be2 {Black must now prevent Qf4.} Qa5+ 18. Qxa5
Nxa5 19. Rg3+ Kf8 20. Rg4 c4 21. b4 ({Don't play} 21. Bxc4 f5 $17) 21... cxb3
22. Ra4 {[#]} (22. Nd2 $11 {keeps the balance.}) 22... Rac8 $1 $17 {...b2! is
the strong threat. Black keeps a firm grip on the game.} 23. Rxa5 {Strongly
threatening Nd2.} (23. Bd1 Rc5) 23... Be4 $1 $36 {[%cal Re4b1][%mdl 2048]
Black is on the roll.} 24. Ba6 Bxb1 25. Bxc8 Rxc8 {[%mdl 4096] Endgame KRB-KRN}
26. Rb5 Rc1+ 27. Ke2 {[#]} (27. Kd2 $17 Rc2+ 28. Ke1) 27... Bc2 $1 $19 28. Nd4
{[#]} e5 $1 {[%cal Re5d4]} 29. Nxc2 (29. Rb8+ $142 Kg7 30. Nxc2 Rxc2+ 31. Kf3)
29... Rxc2+ {KR-KR} ({Weaker is} 29... bxc2 30. Rc5 $15) 30. Kd3 Rxf2 31. Rxb3
Rxg2 32. Rb7 a5 33. Ra7 Rh2 34. Rxa5 Rxh4 35. Ra8+ Kg7 36. a4 h5 37. a5 Ra4 38.
Ke2 h4 39. Kf3 f5 {aiming for ...Ra2.} 40. a6 $2 (40. Kg2) 40... Ra2 {( -> ...
e4+)} 41. a7 h3 42. Rb8 h2 43. Rb1 Rxa7 44. Kg2 Ra2+ 45. Kh1 Re2 {Black mates.}
46. Rb3 Kg6 47. Ra3 Kg5 48. Rb3 e4 49. Ra3 Kg4 50. Rb3 Kg3 {[%cal Re2e1]} 51.
Rb1 Rxe3 52. Rb3 Kf3 {Weighted Error Value: White=0.70/Black=0.10} 0-1

[Event "FIDE Womens Grand Swiss 2021"]
[Site "Riga"]
[Date "2021.10.31"]
[Round "5.5"]
[White "Javakhishvili, Lela"]
[Black "Paehtz, Elisabeth"]
[Result "0-1"]
[WhiteElo "2446"]
[BlackElo "2475"]
[Annotator "ChessBase"]
[PlyCount "149"]
[EventDate "2021.10.27"]
[EventType "swiss"]
[EventCountry "LAT"]
[Tiebreak "Cut1 Buchholz+Sonneborn-Berger (Swiss)"]
[SourceTitle "playchess.com"]
[Source "ChessBase"]
[SourceQuality "1"]
[TimeControl "40/6000+30:20/3000+30:900+30"]

1. d4 {[%emt 0:10:06]} Nf6 {[%emt 0:10:04]} 2. c4 {[%emt 0:00:10]} g6 {[%emt 0:
00:03]} 3. Nc3 {[%emt 0:00:26]} Bg7 {[%emt 0:00:04]} 4. e4 {[%emt 0:00:07]} d6
{[%emt 0:00:02]} 5. Nf3 {[%emt 0:00:07]} O-O {[%emt 0:00:06]} 6. Be2 {[%emt 0:
00:23]} e5 {[%emt 0:00:04]} 7. Be3 {[%emt 0:00:05]} Qe8 {[%emt 0:00:03]} 8.
dxe5 {[%emt 0:00:51]} Ng4 {[%emt 0:00:05]} 9. Bg5 {[%emt 0:06:20]} Nxe5 {
[%emt 0:00:20]} 10. Nd5 {[%emt 0:00:15]} Nxf3+ {[%emt 0:00:18]} 11. gxf3 {
[%emt 0:00:04]} f6 {[%emt 0:00:20]} 12. Bd2 {[%emt 0:02:13]} Rf7 {[%emt 0:02:
50]} 13. Bc3 {[%emt 0:01:05]} f5 {[%emt 0:11:03]} 14. Bxg7 {[%emt 0:09:32]}
Kxg7 {[%emt 0:00:06]} 15. Qc2 {[%emt 0:02:50]} c6 {[%emt 0:26:24]} 16. Nc3 {
[%emt 0:00:47]} Qe5 {[%emt 0:00:06]} 17. h4 {[%emt 0:01:26]} fxe4 {[%emt 0:04:
48]} 18. Qxe4 {[%emt 0:07:56]} Bf5 {[%emt 0:02:27]} 19. Qxe5+ {[%emt 0:04:44]}
dxe5 {[%emt 0:00:04]} 20. O-O-O {[%emt 0:00:41]} Na6 {[%emt 0:06:15]} 21. Rhe1
{[%emt 0:11:07]} Raf8 {[%emt 0:11:44]} 22. Bf1 {[%emt 0:02:14]} Re7 {[%emt 0:
06:16]} 23. Re3 {[%emt 0:01:51]} Rfe8 {[%emt 0:00:31]} 24. Bd3 {[%emt 0:03:24]}
Bxd3 {[%emt 0:03:12]} 25. Rdxd3 {[%emt 0:00:22]} Nc5 {[%emt 0:00:05]} 26. Rd1 {
[%emt 0:02:10]} a5 {[%emt 0:00:46]} 27. Ne4 {[%emt 0:01:20]} Nxe4 {[%emt 0:00:
26]} 28. Rxe4 {[%emt 0:00:06]} Rf8 {[%emt 0:03:04]} 29. Rd3 {[%emt 0:00:25]}
Ref7 {[%emt 0:07:12]} 30. Rb3 {[%emt 0:05:53]} a4 {[%emt 0:05:22]} 31. Rb4 {
[%emt 0:01:21]} Rd7 {[%emt 0:04:01]} 32. Re3 {[%emt 0:04:19]} Rf4 {[%emt 0:00:
32]} 33. Rxa4 {[%emt 0:00:17]} Rxh4 {[%emt 0:00:31]} 34. Rxe5 {[%emt 0:04:09]}
Rf4 {[%emt 0:02:19]} 35. Re3 {[%emt 0:04:45]} h5 {[%emt 0:00:19]} 36. b3 {
[%emt 0:02:14]} h4 {[%emt 0:03:13]} 37. Ra8 {[%emt 0:00:10]} h3 {[%emt 0:01:11]
} 38. Ree8 {[%emt 0:01:01]} Rxf3 {[%emt 0:00:59]} 39. Rh8 {[%emt 0:00:40]} Kf6
{[%emt 0:01:08]} 40. Raf8+ {[%emt 0:01:33]} Rf7 {[%emt 0:00:04]} 41. Kd1 {
[%emt 0:51:53]} Rd3+ {[%emt 0:38:11]} 42. Ke2 {[%emt 0:00:00]} Rxf8 {[%emt 0:
00:13]} 43. Rxf8+ {[%emt 0:00:00]} Kg7 {[%emt 0:00:01]} 44. Rf4 {[%emt 0:00:00]
} g5 {[%emt 0:00:43]} 45. Rf3 {[%emt 0:00:00]} h2 {[%emt 0:02:09]} 46. Rxd3 {
[%emt 0:00:00]} h1=Q {[%emt 0:00:06]} 47. Rd7+ {[%emt 0:00:00]} Kf6 {[%emt 0:
00:09]} 48. Rxb7 {[%emt 0:00:00]} Qe4+ {[%emt 0:00:39]} 49. Kf1 {[%emt 0:00:00]
} Qb1+ {[%emt 0:01:03]} 50. Kg2 {[%emt 0:00:00]} Qxa2 {[%emt 0:00:17]} 51. Rc7
{[%emt 0:00:00]} Qa8 {[%emt 0:01:26]} 52. Rd7 {[%emt 0:00:00]} Qe8 {[%emt 0:06:
15]} 53. Rd3 {[%emt 0:00:45]} Qe4+ {[%emt 0:00:12]} 54. Rf3+ {[%emt 0:00:02]}
Ke5 {[%emt 0:01:19]} 55. Kg3 {[%emt 0:00:03]} Qh4+ {[%emt 0:00:18]} 56. Kg2 {
[%emt 0:00:05]} Kd4 {[%emt 0:00:17]} 57. Re3 {[%emt 0:04:42]} Qf4 {[%emt 0:00:
32]} 58. Rg3 {[%emt 0:00:27]} Kc5 {[%emt 0:00:24]} 59. Re3 {[%emt 0:00:53]} Kb4
{[%emt 0:00:05]} 60. Rg3 {[%emt 0:00:16]} c5 {[%emt 0:00:22]} 61. Rh3 {[%emt 0:
16:01]} Qe4+ {[%emt 0:15:26]} 62. Kh2 {[%emt 0:00:16]} Qc2 {[%emt 0:00:31]} 63.
Kg2 {[%emt 0:00:12]} Qxb3 {[%emt 0:01:10]} 64. Rxb3+ {[%emt 0:00:05]} Kxb3 {
[%emt 0:00:03]} 65. Kg3 {[%emt 0:00:06]} Kxc4 {[%emt 0:00:03]} 66. Kg4 {
[%emt 0:00:03]} Kd4 {[%emt 0:01:24]} 67. Kxg5 {[%emt 0:00:07]} c4 {[%emt 0:00:
01]} 68. f4 {[%emt 0:00:11]} c3 {[%emt 0:00:02]} 69. f5 {[%emt 0:00:03]} c2 {
[%emt 0:00:05]} 70. f6 {[%emt 0:00:03]} c1=Q+ {[%emt 0:00:03]} 71. Kg6 {
[%emt 0:00:02]} Qg1+ {[%emt 0:00:22]} 72. Kh7 {[%emt 0:00:12]} Qh2+ {[%emt 0:
00:05]} 73. Kg8 {[%emt 0:00:07]} Qg3+ {[%emt 0:00:18]} 74. Kf8 {[%emt 0:00:11]}
Ke5 {[%emt 0:00:56]} 75. f7 {[%emt 0:00:02]} 0-1

[Event "FIDE Womens Grand Swiss 2021"]
[Site "Riga"]
[Date "2021.10.31"]
[Round "5.6"]
[White "Zawadzka, Jolanta"]
[Black "Saduakassova, Dinara"]
[Result "1-0"]
[WhiteElo "2428"]
[BlackElo "2491"]
[Annotator "TA"]
[PlyCount "53"]
[EventDate "2021.10.27"]
[EventType "swiss"]
[EventCountry "LAT"]
[Tiebreak "Cut1 Buchholz+Sonneborn-Berger (Swiss)"]
[SourceTitle "playchess.com"]
[Source "ChessBase"]
[SourceQuality "1"]

{[%evp 12,53,18,16,40,32,45,30,37,32,67,57,51,41,46,49,61,36,51,38,59,41,33,31,
44,27,18,5,11,17,103,108,104,103,191,178,308,316,309,265,702,404,785,783]} 1.
e4 e5 2. Nf3 Nc6 3. Bb5 a6 4. Ba4 Nf6 5. Nc3 Bc5 6. O-O b5 7. Bb3 d6 {C77: Ruy
Lopez: 3...a6 4 Ba4 Nf6, unusual lines.} 8. Nd5 h6 9. c3 O-O {White has an
edge.} 10. a4 {[#]} Rb8 $146 ({Predecessor:} 10... Ba7 11. Nxf6+ Qxf6 12. Bd5
Bd7 13. Qe2 Qe7 14. Kh1 Rfb8 15. Ne1 Qe8 16. f4 Be6 17. Bxc6 Qxc6 {1-0 (36)
Sanal,V (2535)-Ter Sahakyan,S (2632) Subotica 2019}) 11. axb5 axb5 12. d4 Bb6
13. Nxb6 Rxb6 14. dxe5 dxe5 15. Be3 $36 {[%mdl 2048] White has the initiative.}
Rb8 16. Bc5 Re8 17. Qe2 Be6 {[#]} 18. Rfd1 $1 Qc8 19. Bd5 (19. Bc2 {seems
wilder.} Nh5 20. Qe3 Ra8 21. Nh4 Rxa1 22. Rxa1 Qb7 23. Nf5) 19... Bxd5 20. exd5
Ne7 (20... Nd8 $11) 21. Bxe7 $16 (21. Nxe5 Ng6 $17) (21. Qxe5 Nexd5 22. Qd4 Re2
$15) 21... Rxe7 {[#]} 22. Nd4 $1 {[%cal Rd4c6][%mdl 576] Pin} Re8 (22... Rd7
$16 23. Nc6 (23. Qxe5 Rxd5 24. Qf4 Rb7 $11) (23. Nxb5 Nxd5 24. Qxe5 Rxb5 $11)
23... Ra8) 23. Nxb5 $18 Rb6 (23... Ne4 {was necessary.} 24. Na7 (24. Qxe4 Rxb5
25. b4 Qb7 $16) 24... Qf5) 24. d6 Qd7 25. dxc7 Qe7 (25... Qxb5 26. Qxb5 Rxb5)
26. Qd3 {And now Qd8 would win.} Qc5 {[#]} (26... Rxb5 $142 27. c8=Q Rxc8) 27.
b4 $1 {Weighted Error Value: White=0.19/Black=0.34} 1-0